| 000 | 00367nam a2200145Ia 4500 | ||
|---|---|---|---|
| 008 | 220216s9999 xx 000 0 und d | ||
| 100 | _aSin S W | ||
| 245 | 0 | _aCuring characteristics of new presentation natural rubber | |
| 260 |
_bPlanters Bulletin _c1969 |
||
| 300 | _a275-281 | ||
| 650 | _aCuring | ||
| 650 | _aNatural rubber | ||
| 700 | _aHon K K | ||
| 942 | _cJS | ||
| 999 |
_c56642 _d56642 |
||